| 000 | 01377cam a22002774a 4500 | ||
|---|---|---|---|
| 001 | 15604071 | ||
| 005 | 20100518163356.0 | ||
| 008 | 090129s2010 mauab | b 001 0ceng d | ||
| 010 | _a 2009004218 | ||
| 020 | _a9781405132718 (pbk. : alk. paper) | ||
| 040 |
_aDLC _cDLC _dDLC |
||
| 050 | 0 | 0 |
_aJZ1318 _b.R577 2010 |
| 082 | 0 | 0 |
_a303.482 _222 _bRIT |
| 100 | 1 |
_aRitzer, George. _927457 |
|
| 245 | 1 | 0 |
_aGlobalization : _bA Basic Text / _cGeorge Ritzer. |
| 260 |
_aOxford : _bWiley-Blackwell, _cc2010. |
||
| 300 |
_axvi, 592 p. : _bill., maps ; _c25 cm. |
||
| 504 | _aIncludes bibliographical references and index. | ||
| 650 | 0 |
_aGlobalization. _927458 |
|
| 653 |
_bEco _cOctober2011 |
||
| 942 |
_2ddc _cBB |
||
| 999 |
_c16121 _d16121 |
||